Random Chinese Words - Statistics

General Stats
  • This quiz has been taken 16 times
  • The average score is 14 of 18
Answer Stats
Hint Answer % Correct
bà bà Father
100%
nǐ hǎo Hello
100%
mā mā Mother
100%
Big
93%
zài jiàn Goodbye
93%
Me
93%
xiǎo Small
93%
You
93%
māo Cat
86%
yī fu Clothes
86%
gǒu Dog
86%
shuǐ Water
79%
qiǎo kè lì Chocolate
64%
yé ye Grandfather
57%
pó pó Grandmother
57%
xié zi Shoe
50%
shǒu biǎo Watch
50%
bā shì Bus
36%
No matching quizzes found
Score Distribution
Percent of People with Each Score
Percentile by Number Answered
Your Score History
You have not taken this quiz